Loading...
| Fine Arts - Other Fine Arts | 6 | 2 | 1 | 0 | 105 | 17 | 61.50 | 4 | 7 |
| Religion | 1 | 2 | 0 | 1 | 35 | 13 | 68.33 | 1 | 2 |
| History - Other History | 1 | 1 | 0 | 0 | 25 | 27 | 60.50 | 1 | 1 |
| History - World History | 1 | 1 | 0 | 0 | 25 | 30 | 58.00 | 1 | 1 |
| Literature - World Literature | 1 | 1 | 0 | 0 | 25 | 63 | 80.50 | 2 | 2 |
| Geography | 1 | 0 | 0 | 0 | 15 | 36 | 36.00 | 1 | 1 |
| Science - Other Science | 1 | 0 | 0 | 0 | 15 | 46 | 46.00 | 1 | 1 |
| History - European History | 0 | 2 | 1 | 0 | 15 | 59 | 78.50 | 1 | 1 |
| Literature - British Literature | 0 | 1 | 0 | 0 | 10 | 117 | 117.00 | 0 | 1 |
| Fine Arts - Visual Fine Arts | 0 | 1 | 0 | 0 | 10 | 91 | 91.00 | 0 | 1 |
| Literature - American Literature | 0 | 1 | 0 | 0 | 10 | 96 | 96.00 | 0 | 1 |
| Other Academic | 0 | 1 | 0 | 1 | 10 | 144 | 144.00 | 0 | 0 |
| Science - Physics | 1 | 0 | 2 | 0 | 5 | 59 | 59.00 | 1 | 1 |
| Literature - European Literature | 0 | 0 | 1 | 0 | -5 | 0.00 | 0 | 0 | |
| Science - Chemistry | 0 | 0 | 1 | 0 | -5 | 0.00 | 0 | 0 | |
| History - American History | 0 | 0 | 1 | 0 | -5 | 0.00 | 0 | 0 |